MARC details
| 000 -CABECERA |
| campo de control de longitud fija |
00878nam a2200229 a 4500 |
| 001 - NÚMERO DE CONTROL |
| campo de control |
000022501 |
| 005 - FECHA Y HORA DE LA ÚLTIMA TRANSACCIÓN |
| campo de control |
20251120073732.0 |
| 008 - DATOS DE LONGITUD FIJA--INFORMACIÓN GENERAL |
| campo de control de longitud fija |
101012s1999 dr 000 0 spa d |
| 020 ## - NÚMERO INTERNACIONAL ESTÁNDAR DEL LIBRO |
| Número Internacional Estándar del Libro |
8489548528 |
| 040 ## - FUENTE DE LA CATALOGACIÓN |
| Centro catalogador/agencia de origen |
DO-SdBNP |
| Lengua de catalogación |
spa |
| Centro/agencia transcriptor |
BNPHU |
| 082 ## - NÚMERO DE LA CLASIFICACIÓN DECIMAL DEWEY |
| Número de clasificación |
xxxx |
| Número de documento/Ítem |
R426d |
| 049 ## - FONDOS LOCALES (OCLC) |
| Fondos de biblioteca |
BNPD |
| 245 03 - MENCIÓN DE TÍTULO |
| Título |
La República Dominicana en el umbral del siglo XXI : |
| Resto del título |
cultura, política y cambio social / |
| Mención de responsabilidad, etc. |
editores Ramonina Brea, Rosario Espinal y Fernando Valerio Holguín. |
| 260 ## - PUBLICACIÓN, DISTRIBUCIÓN, ETC. |
| Lugar de publicación, distribución, etc. |
Santo Domingo : |
| Nombre del editor, distribuidor, etc. |
PUCMM, |
| Fecha de publicación, distribución, etc. |
1999. |
| 300 ## - DESCRIPCIÓN FÍSICA |
| Extensión |
548 p. ; |
| Dimensiones |
23 cm. |
| 504 ## - NOTA DE BIBLIOGRAFÍA, ETC. |
| Nota de bibliografía, etc. |
Incluye referencias bibliográficas y notas al pie de las páginas |
| 504 ## - NOTA DE BIBLIOGRAFÍA, ETC. |
| Nota de bibliografía, etc. |
Bibliografías : p. 541-543 |
| 700 1# - PUNTO DE ACCESO ADICIONAL--NOMBRE DE PERSONA |
| Nombre de persona |
Brea, Ramonina |
| Término indicativo de función/relación |
ed. |
| 9 (RLIN) |
8319 |
| 700 1# - PUNTO DE ACCESO ADICIONAL--NOMBRE DE PERSONA |
| Nombre de persona |
Espinal, Rosario |
| Fechas asociadas al nombre |
1955- |
| Término indicativo de función/relación |
ed. |
| 9 (RLIN) |
43869 |
| 700 1# - PUNTO DE ACCESO ADICIONAL--NOMBRE DE PERSONA |
| Nombre de persona |
Valerio Holguín, Fernando |
| Término indicativo de función/relación |
ed. |
| 9 (RLIN) |
19580 |
| 710 2# - PUNTO DE ACCESO ADICIONAL--NOMBRE DE ENTIDAD CORPORATIVA |
| Nombre de entidad corporativa o nombre de jurisdicción como elemento de entrada |
Pontificia Universidad Católica Madre y Maestra |
| 9 (RLIN) |
843 |